000 00250nam a2200085Ia 4500
245 0 _aSkygazers : from Hypatia to Faber
100 _a Greathouse, Lisa E. Minneapolis, MN, 2009
_984693
942 _cBK
008 210818s9999 xx 000 0 und d
999 _c433023
_d433024